[Event "Quebec op"]
[Site "Montreal CAN"]
[Date "2023.07.31"]
[Round "4.7"]
[White "Saha, Ananda"]
[Black "Zheng, Richard"]
[Result "1/2-1/2"]
[WhiteElo "1984"]
[BlackElo "2214"]
[PlyCount "114"]
[EventDate "2023.07.29"]
[EventType "swiss"]
[EventRounds "9"]
[EventCountry "CAN"]

1. e4 c6 2. d4 d5 3. exd5 cxd5 4. Nf3 Nc6 5. Ne5 e6 6. Bb5 Bd7 7. Nxd7 Qxd7 8.
c3 Nf6 9. O-O Bd6 10. Nd2 a6 11. Bd3 Qc7 12. Nf3 O-O 13. Re1 h6 14. Qe2 Bf4 15.
Bxf4 Qxf4 16. Ne5 Nxe5 17. dxe5 Nd7 18. g3 Qa4 19. Bc2 Qb5 20. Qxb5 axb5 21.
Bd3 Ra5 22. a3 Nc5 23. Bc2 Raa8 24. Re2 Rfc8 25. Rd1 Na4 26. Bd3 Rc5 27. f4 Nb6
28. Kf2 Nc4 29. g4 Re8 30. g5 g6 31. gxh6 Kh7 32. h4 Kxh6 33. Kf3 Kg7 34. h5
gxh5 35. Rg1+ Kf8 36. Rh1 Ke7 37. Rxh5 Rcc8 38. f5 Rh8 39. f6+ Kd7 40. Rxh8
Rxh8 41. Kg4 Rh1 42. b3 Rd1 43. Bxc4 bxc4 44. bxc4 dxc4 45. Re4 b5 46. a4 bxa4
47. Rxc4 Rd5 48. Rxa4 Rxe5 49. Ra7+ Ke8 50. Ra8+ Kd7 51. Ra7+ Ke8 52. Ra8+ Kd7
53. Rf8 Rc5 54. Rxf7+ Ke8 55. Re7+ Kf8 56. Rxe6 Rxc3 57. Re7 Rc5 1/2-1/2

[Event "Quebec op"]
[Site "Montreal CAN"]
[Date "2023.07.31"]
[Round "4.8"]
[White "Pomerantz, Daniel"]
[Black "Dukic, Zachary"]
[Result "0-1"]
[WhiteElo "1979"]
[BlackElo "2196"]
[PlyCount "106"]
[EventDate "2023.07.29"]
[EventType "swiss"]
[EventRounds "9"]
[EventCountry "CAN"]

1. e4 c5 2. Nf3 Nc6 3. Bb5 g6 4. O-O Bg7 5. Re1 e5 6. Bxc6 dxc6 7. d3 Qe7 8. a3
Nf6 9. b4 O-O 10. bxc5 Qxc5 11. a4 Rd8 12. Ba3 Qa5 13. h3 h6 14. Nbd2 Be6 15.
Qb1 Qc7 16. a5 Nh5 17. Bc5 Kh7 18. Qb4 Nf4 19. Reb1 Rd7 20. Nc4 Qd8 21. Kh2 Qh8
22. Qc3 Ne2 23. Qe1 Nd4 24. Nxd4 exd4 25. f4 Bxc4 26. dxc4 d3 27. e5 d2 28. Qe2
Re8 29. Rd1 Rxe5 30. fxe5 Bxe5+ 31. Kh1 Bxa1 32. Rxd2 Rxd2 33. Qxd2 Qc3 34. Qf2
Qxc4 35. Bxa7 Bc3 36. Bb6 Qd5 37. Qf4 Be5 38. Qf1 Kg8 39. c4 Qe4 40. Bg1 Kg7
41. Qc1 h5 42. Qf1 Bc3 43. Kh2 Qe5+ 44. Kh1 Qxa5 45. Qb1 Qa1 46. Qb6 Qf1 47.
Qc5 b6 48. Qxb6 Qxc4 49. Be3 Qf1+ 50. Bg1 Kh7 51. Qc5 Qf6 52. Qe3 Be5 53. Bf2
Qf4 0-1

[Event "Quebec op"]
[Site "Montreal CAN"]
[Date "2023.07.31"]
[Round "4.9"]
[White "Zhong, Kevin"]
[Black "Avarian, Aram Sevag"]
[Result "1-0"]
[WhiteElo "2143"]
[BlackElo "1842"]
[PlyCount "67"]
[EventDate "2023.07.29"]
[EventType "swiss"]
[EventRounds "9"]
[EventCountry "CAN"]

1. e4 c5 2. Nf3 Nc6 3. Bb5 g6 4. Bxc6 dxc6 5. d3 Bg7 6. h3 Nf6 7. Nc3 Nd7 8.
Be3 e5 9. Qd2 h6 10. O-O b6 11. Nh2 Nf8 12. f4 exf4 13. Bxf4 Ne6 14. Be3 Nd4
15. Rae1 Qe7 16. e5 Be6 17. Bf4 g5 18. Bg3 Nf5 19. Bf2 h5 20. Ne4 Bh6 21. g4
hxg4 22. hxg4 Nh4 23. Nf6+ Kd8 24. d4 Kc7 25. dxc5 Rad8 26. Qd6+ Qxd6 27. cxd6+
Kb7 28. Be3 Ng6 29. Nf3 Nf4 30. Nd4 Bc4 31. Rf3 Bg7 32. Bxf4 Bxf6 33. exf6 gxf4
34. Re7+ 1-0

[Event "Quebec op"]
[Site "Montreal CAN"]
[Date "2023.07.31"]
[Round "4.11"]
[White "Gueorguiev, Valentin"]
[Black "Gingras, Philippe"]
[Result "1-0"]
[WhiteElo "1917"]
[BlackElo "1961"]
[PlyCount "63"]
[EventDate "2023.07.29"]
[EventType "swiss"]
[EventRounds "9"]
[EventCountry "CAN"]

1. d4 Nf6 2. Bf4 d5 3. Nf3 c5 4. e3 Qb6 5. Nc3 cxd4 6. exd4 a6 7. Na4 Qa5+ 8.
c3 Bg4 9. Be2 Bxf3 10. Bxf3 e6 11. b4 Qd8 12. O-O Bd6 13. Bg5 O-O 14. Nc5 b6
15. Nd3 Qc7 16. Bxf6 gxf6 17. Rc1 Bxh2+ 18. Kh1 Bd6 19. c4 Ra7 20. cxd5 Qd7 21.
g3 exd5 22. Kg2 Qf5 23. Rh1 Rc8 24. Rxc8+ Qxc8 25. Qd2 Qc4 26. Rh5 Bf8 27. Nf4
Bxb4 28. Qd1 Nd7 29. Bxd5 Qc3 30. Rxh7 Kxh7 31. Qh5+ Kg7 32. Qxf7+ 1-0

[Event "Quebec op"]
[Site "Montreal CAN"]
[Date "2023.07.31"]
[Round "4.12"]
[White "Mok, Yuen Tak"]
[Black "Bouchard, Jean-Marc"]
[Result "1/2-1/2"]
[WhiteElo "1841"]
[BlackElo "1850"]
[PlyCount "105"]
[EventDate "2023.07.29"]
[EventType "swiss"]
[EventRounds "9"]
[EventCountry "CAN"]

1. e4 e6 2. d4 d5 3. e5 Bd7 4. Nf3 a6 5. c4 dxc4 6. Bxc4 Bc6 7. Nc3 Ne7 8. O-O
h6 9. Re1 Nd5 10. Qe2 b5 11. Bb3 Nxc3 12. bxc3 Bd5 13. Bxd5 Qxd5 14. a4 c6 15.
Bd2 Nd7 16. axb5 cxb5 17. Ra5 Nb6 18. Rea1 Qb7 19. R5a2 Be7 20. Be1 Nc4 21. Nd2
Nxd2 22. Bxd2 O-O 23. c4 bxc4 24. Qxc4 Rfc8 25. Qd3 Rc6 26. h3 Rb6 27. Be3 Rb5
28. Kh2 Bb4 29. f4 a5 30. f5 exf5 31. Qxf5 Qc8 32. Qf3 Qd8 33. Qg4 Ra6 34. Rc2
Rb8 35. Qe4 Re6 36. Kh1 f6 37. Qg4 Qe7 38. Bf4 fxe5 39. dxe5 Re8 40. Qf3 Rf8
41. Qe4 Qf7 42. Bg3 Qg6 43. Qc4 Kh7 44. Bh2 Rfe8 45. Rf1 Rf8 46. Rd1 Rfe8 47.
Re2 Qh5 48. Rf1 Qg6 49. Re4 Rc6 50. Qe2 Ree6 51. Rg4 Qc2 52. Qf3 Rg6 53. Rxg6
1/2-1/2

[Event "Quebec op"]
[Site "Montreal CAN"]
[Date "2023.07.31"]
[Round "4.13"]
[White "Lin, Leo"]
[Black "Jiang, Barron Jiyu"]
[Result "1-0"]
[WhiteElo "2050"]
[BlackElo "1764"]
[PlyCount "85"]
[EventDate "2023.07.29"]
[EventType "swiss"]
[EventRounds "9"]
[EventCountry "CAN"]

1. e4 c5 2. Nc3 d6 3. d4 cxd4 4. Qxd4 Nc6 5. Qd2 g6 6. b3 Bg7 7. Bb2 Nf6 8.
O-O-O O-O 9. f3 a6 10. Nge2 b5 11. h4 h5 12. Kb1 Bd7 13. Nd5 Nxd5 14. exd5 Na7
15. Bxg7 Kxg7 16. g4 hxg4 17. fxg4 e5 18. dxe6 Bxe6 19. Bg2 d5 20. h5 g5 21.
Bxd5 Bxd5 22. Qxd5 Qxd5 23. Rxd5 f6 24. Nd4 Rf7 25. Nf5+ Kh7 26. Rhd1 Nc6 27.
Rd7 Raf8 28. R7d6 Ne5 29. R1d4 Rc7 30. Rxa6 Rfc8 31. Rxf6 Rxc2 32. Rh6+ Kg8 33.
Ne7+ Kg7 34. Nxc8 Rxc8 35. Re6 Rc5 36. b4 Kf7 37. bxc5 Kxe6 38. Re4 Kf6 39.
Rxe5 Kxe5 40. h6 Kf4 41. h7 Kxg4 42. h8=Q Kg3 43. c6 1-0

[Event "Quebec op"]
[Site "Montreal CAN"]
[Date "2023.07.31"]
[Round "4.14"]
[White "Deboosere, Adam"]
[Black "Robichaud, Louis"]
[Result "1-0"]
[WhiteElo "1745"]
[BlackElo "2008"]
[PlyCount "74"]
[EventDate "2023.07.29"]
[EventType "swiss"]
[EventRounds "9"]
[EventCountry "CAN"]

1. d4 Nf6 2. Nf3 g6 3. c4 Bg7 4. e3 d6 5. Nc3 O-O 6. Be2 Nbd7 7. O-O b6 8. Qc2
Bb7 9. Rd1 c5 10. b3 cxd4 11. exd4 Rc8 12. Bb2 d5 13. Re1 Qc7 14. Qd2 Ne4 15.
Qe3 Nxc3 16. Bxc3 Rfe8 17. Rac1 Nf6 18. Ne5 Ne4 19. Bb2 Qd6 20. Bf3 f6 21. cxd5
Rxc1 22. Rxc1 Qxd5 23. Nc4 f5 24. Nd2 e5 25. Bxe4 fxe4 26. dxe5 Bxe5 27. Bxe5
Qxe5 28. Nc4 Qd5 29. h3 Rd8 30. Qg3 Qc5 31. Re1 b5 32. Ne3 Qc3 33. Rf1 Rd7 34.
Qb8+ Kg7 35. Qxa7 Qb2 36. Qb6 Qxa2 37. Qxb5 Qb2 1-0

[Event "Quebec op"]
[Site "Montreal CAN"]
[Date "2023.07.31"]
[Round "4.15"]
[White "Gadbois, Patrick"]
[Black "Malakhovets, Sergey"]
[Result "0-1"]
[WhiteElo "1687"]
[BlackElo "1966"]
[PlyCount "48"]
[EventDate "2023.07.29"]
[EventType "swiss"]
[EventRounds "9"]
[EventCountry "CAN"]

1. d4 d5 2. Nf3 Nf6 3. e3 Bf5 4. Bd3 e6 5. O-O Nbd7 6. b3 Bd6 7. Bb2 Ne4 8. c4
c6 9. Qc2 Bg6 10. Nbd2 f5 11. Ne5 Bxe5 12. dxe5 Ndc5 13. Bxe4 dxe4 14. Ba3 Nd3
15. Bd6 Qg5 16. f4 exf3 17. Rxf3 f4 18. e4 Nxe5 19. Bxe5 Qxe5 20. Raf1 O-O 21.
g3 fxg3 22. hxg3 Rxf3 23. Rxf3 Qd4+ 24. Kh2 Rd8 0-1

[Event "Quebec op"]
[Site "Montreal CAN"]
[Date "2023.07.31"]
[Round "4.16"]
[White "Turcotte, Jonathan"]
[Black "Di Matteo, Alessio"]
[Result "0-1"]
[WhiteElo "1921"]
[BlackElo "1677"]
[PlyCount "88"]
[EventDate "2023.07.29"]
[EventType "swiss"]
[EventRounds "9"]
[EventCountry "CAN"]

1. d4 Nf6 2. c4 c5 3. d5 b5 4. cxb5 a6 5. e3 Bb7 6. Nc3 Qa5 7. Bd2 axb5 8. Bxb5
Qb6 9. a4 Nxd5 10. Nxd5 Bxd5 11. Nf3 e6 12. O-O Be7 13. Bc3 O-O 14. Qe2 Bc6 15.
Ne5 Qb7 16. Nxc6 Nxc6 17. Qg4 g6 18. Rfd1 Rfd8 19. h4 Nb4 20. h5 Nd5 21. hxg6
hxg6 22. Qe4 Rab8 23. Ba5 Rf8 24. b3 d6 25. Bc4 Nb4 26. Qg4 d5 27. Bb5 Kg7 28.
Rac1 Rh8 29. e4 Rh4 30. Qg3 Rbh8 31. f3 Rh1+ 32. Kf2 Rxd1 33. Rxd1 Bh4 34. Qxh4
Rxh4 35. Bd8 Rh8 36. Bg5 Rh5 37. Be3 d4 38. Bf4 Qb6 39. g4 Rh7 40. g5 Kg8 41.
Bc4 Nc2 42. Rd2 Ne3 43. Bb5 Qa5 44. Re2 Qc3 0-1

[Event "Quebec op"]
[Site "Montreal CAN"]
[Date "2023.07.31"]
[Round "4.18"]
[White "Wang, Rachel"]
[Black "Enkh-Amar, Galbadrakh"]
[Result "1-0"]
[WhiteElo "1675"]
[BlackElo "2130"]
[PlyCount "53"]
[EventDate "2023.07.29"]
[EventType "swiss"]
[EventRounds "9"]
[EventCountry "CAN"]

1. d4 Nf6 2. c4 e6 3. Nf3 b6 4. a3 d5 5. Nc3 Be7 6. Bg5 O-O 7. e3 Bb7 8. Rc1
Nbd7 9. cxd5 exd5 10. Bd3 Re8 11. O-O c6 12. b4 Ne4 13. Bxe7 Qxe7 14. Qa4 a5
15. Nxd5 cxd5 16. Rc7 Ndc5 17. Rxe7 Nxa4 18. Rxb7 Nec3 19. Bf5 Reb8 20. Rxb8+
Rxb8 21. Bd7 Nb2 22. Ne5 Rb7 23. Bc6 Rc7 24. b5 f6 25. Nf3 a4 26. Kh1 Nc4 27.
Rc1 1-0

[Event "Quebec op"]
[Site "Montreal CAN"]
[Date "2023.07.31"]
[Round "4.20"]
[White "Guillemette, Hugo"]
[Black "Peloquin, Charli"]
[Result "1-0"]
[WhiteElo "1955"]
[BlackElo "1791"]
[PlyCount "69"]
[EventDate "2023.07.29"]
[EventType "swiss"]
[EventRounds "9"]
[EventCountry "CAN"]

1. e4 Nf6 2. e5 Nd5 3. d4 d6 4. c4 Nb6 5. exd6 cxd6 6. Nc3 g6 7. Be3 Bg7 8. Rc1
Nc6 9. b3 O-O 10. Be2 Bf5 11. Nf3 Rc8 12. O-O e5 13. dxe5 dxe5 14. c5 Nd7 15.
Nb5 e4 16. Nd2 Nde5 17. Nd6 Nb4 18. N2xe4 Bxe4 19. Nxe4 Nxa2 20. Ra1 Nb4 21.
Nd6 Ra8 22. Ra4 a5 23. Nxb7 Qc7 24. Nxa5 Rfd8 25. Qb1 Nd5 26. Bd2 Qxc5 27. Nb7
Qe7 28. Nxd8 Rxd8 29. Re1 h5 30. Qc1 Qb7 31. Ba5 Rc8 32. Qd1 Bh6 33. Ba6 Qxa6
34. Qxd5 Ng4 35. h3 1-0

[Event "Quebec op"]
[Site "Montreal CAN"]
[Date "2023.07.31"]
[Round "4.21"]
[White "Eltafi, Ali Sina"]
[Black "Singher, Jean-Pierre"]
[Result "0-1"]
[WhiteElo "1394"]
[BlackElo "1934"]
[PlyCount "112"]
[EventDate "2023.07.29"]
[EventType "swiss"]
[EventRounds "9"]
[EventCountry "CAN"]

1. d4 d5 2. c4 e6 3. Nc3 Nf6 4. Bg5 Be7 5. e3 O-O 6. Bd3 Nbd7 7. Nh3 c5 8. cxd5
exd5 9. O-O a6 10. Qf3 c4 11. Bc2 Nb6 12. Bxf6 Bxf6 13. Nf4 Be6 14. Nxe6 fxe6
15. Qh3 Kf7 16. Qxh7 Rh8 17. Qg6+ Ke7 18. Rad1 Qd6 19. Qg3 Qb4 20. Qc7+ Nd7 21.
Ba4 b5 22. e4 bxa4 23. exd5 Qd6 24. Qxd6+ Kxd6 25. dxe6 Nb6 26. d5 Bxc3 27.
bxc3 Rh5 28. f4 Rxd5 29. f5 Rxd1 30. Rxd1+ Nd5 31. Rd4 Kc5 32. g4 Rb8 33. a3
Rb3 34. Re4 Rxa3 35. e7 Nc7 36. Re5+ Kd6 37. Re6+ Kd7 38. Re4 Rxc3 39. g5 Ne8
40. Re1 a3 41. Re6 a2 42. Re1 Rc2 43. h4 Rb2 44. Rd1+ Kxe7 45. Re1+ Kf8 46. f6
Rb1 47. Kf1 Rxe1+ 48. Kxe1 a1=Q+ 49. Kf2 c3 50. Kg3 c2 51. Kg4 g6 52. h5 Qd1+
53. Kh4 Qxh5+ 54. Kg3 c1=Q 55. f7 Qe3+ 56. Kg2 Qhh3# 0-1

[Event "Quebec op"]
[Site "Montreal CAN"]
[Date "2023.08.01"]
[Round "5.1"]
[White "Bruzon Batista, Lazaro"]
[Black "Sambuev, Bator"]
[Result "1/2-1/2"]
[WhiteElo "2609"]
[BlackElo "2457"]
[PlyCount "50"]
[EventDate "2023.07.29"]
[EventType "swiss"]
[EventRounds "9"]
[EventCountry "CAN"]

1. e4 e5 2. Nf3 Nc6 3. Bb5 a6 4. Ba4 d6 5. O-O Bd7 6. c4 Nf6 7. Nc3 g6 8. d4
Nxd4 9. Bxd7+ Nxd7 10. Nxd4 exd4 11. Qxd4 Qf6 12. Be3 Qxd4 13. Bxd4 Rg8 14.
Rfd1 O-O-O 15. f3 c6 16. Rac1 Kc7 17. Rc2 Bh6 18. Bf2 Rge8 19. Kf1 Bg7 20. b3
h5 21. Ne2 Be5 22. Bh4 Bf6 23. Bg3 Be5 24. Bh4 Bf6 25. Bg3 Be5 1/2-1/2

[Event "Quebec op"]
[Site "Montreal CAN"]
[Date "2023.08.01"]
[Round "5.3"]
[White "Zhu, Hong Rui"]
[Black "Zhong, Kevin"]
[Result "1-0"]
[WhiteElo "2176"]
[BlackElo "2143"]
[PlyCount "79"]
[EventDate "2023.07.29"]
[EventType "swiss"]
[EventRounds "9"]
[EventCountry "CAN"]

1. e4 c6 2. d4 d5 3. exd5 cxd5 4. Bd3 Nc6 5. c3 Nf6 6. Bf4 Bg4 7. Qb3 Qd7 8.
Nd2 e6 9. Ngf3 Bd6 10. Bg3 O-O 11. O-O Bxg3 12. fxg3 Qc7 13. Rae1 Bf5 14. Bxf5
exf5 15. Ne5 g6 16. Re2 Rad8 17. Nd3 Ne4 18. Nf4 Qd7 19. Rfe1 Kg7 20. Nd3 b6
21. Qd1 Rfe8 22. Nf1 Re7 23. Ne3 Na5 24. Nb4 Qb7 25. g4 Nc4 26. gxf5 Nxe3 27.
Rxe3 Rde8 28. Qf3 f6 29. Qe2 gxf5 30. Qf3 a5 31. Nd3 Qd7 32. Qh5 Nd6 33. Rg3+
Kh8 34. Rf1 Ne4 35. Re3 Ng5 36. Rxe7 Rxe7 37. Qh6 Rg7 38. Qxf6 Qe8 39. Ne5 Ne4
40. Qxf5 1-0

[Event "Quebec op"]
[Site "Montreal CAN"]
[Date "2023.08.01"]
[Round "5.7"]
[White "Tanaka, Tyler"]
[Black "Saha, Ananda"]
[Result "1-0"]
[WhiteElo "2297"]
[BlackElo "1984"]
[PlyCount "85"]
[EventDate "2023.07.29"]
[EventType "swiss"]
[EventRounds "9"]
[EventCountry "CAN"]

1. e4 e6 2. d4 d5 3. Nc3 Nf6 4. e5 Nfd7 5. f4 c5 6. Nf3 Nc6 7. Be3 cxd4 8. Nxd4
Bc5 9. Qd2 a6 10. O-O-O O-O 11. Nb3 Bxe3 12. Qxe3 b5 13. Kb1 Bb7 14. h4 Na5 15.
h5 Nxb3 16. axb3 b4 17. Na4 Bc6 18. h6 g6 19. Be2 Qa5 20. f5 Bxa4 21. bxa4 Nc5
22. fxe6 fxe6 23. Bg4 Rfe8 24. Rhf1 Nxa4 25. Qf4 Qc7 26. Qf6 Nc5 27. Rd4 Qe7
28. Rxb4 Qxf6 29. Rxf6 Re7 30. Rb6 Rf8 31. Bxe6+ Nxe6 32. Rfxe6 Rxe6 33. Rxe6
Rf1+ 34. Ka2 Rh1 35. Rxa6 Rxh6 36. b4 Rh4 37. Kb3 Kf7 38. b5 Rh1 39. Kb4 Rb1+
40. Kc5 Rc1 41. Kd6 Rxc2 42. e6+ Kf6 43. Ra8 1-0

[Event "Quebec op"]
[Site "Montreal CAN"]
[Date "2023.08.01"]
[Round "5.8"]
[White "Zheng, Richard"]
[Black "Gueorguiev, Valentin"]
[Result "1-0"]
[WhiteElo "2214"]
[BlackElo "1917"]
[PlyCount "59"]
[EventDate "2023.07.29"]
[EventType "swiss"]
[EventRounds "9"]
[EventCountry "CAN"]

1. d4 d5 2. c4 e6 3. Nc3 Nf6 4. cxd5 exd5 5. Bg5 Nbd7 6. e3 Be7 7. Bd3 h6 8.
Bf4 c6 9. h3 Qa5 10. Qc2 O-O 11. Nf3 Re8 12. O-O Qd8 13. Nb5 Nf8 14. Nc7 Ne6
15. Nxe8 Qxe8 16. Bh2 Ng5 17. Nxg5 hxg5 18. f3 g6 19. Rad1 Be6 20. a3 a5 21. g4
Rc8 22. Kg2 c5 23. dxc5 Bxc5 24. Qd2 Bd7 25. Rfe1 a4 26. e4 dxe4 27. Bxe4 Be6
28. Bxb7 Rb8 29. Bxb8 Qxb8 30. Qd8+ 1-0

[Event "Quebec op"]
[Site "Montreal CAN"]
[Date "2023.08.01"]
[Round "5.9"]
[White "Zhang, Chu Hang"]
[Black "Lin, Leo"]
[Result "1-0"]
[WhiteElo "1953"]
[BlackElo "2050"]
[PlyCount "75"]
[EventDate "2023.07.29"]
[EventType "swiss"]
[EventRounds "9"]
[EventCountry "CAN"]

1. e4 d6 2. g3 Nf6 3. Bg2 g6 4. d3 Bg7 5. c4 O-O 6. Nc3 e5 7. Nh3 c6 8. O-O Ne8
9. f4 f5 10. Be3 Nf6 11. Nf2 Qe7 12. Qd2 Be6 13. b3 Nbd7 14. d4 fxe4 15. Ncxe4
Nxe4 16. Nxe4 d5 17. cxd5 cxd5 18. Ng5 e4 19. Nxe6 Qxe6 20. Rac1 Rac8 21. Qa5
a6 22. Rc7 b6 23. Qc3 Nc5 24. Rxg7+ Kxg7 25. dxc5+ Kg8 26. b4 Rfd8 27. Rd1 b5
28. Qd4 Kf7 29. Bd2 Qf6 30. Qxf6+ Kxf6 31. Bc3+ Kf7 32. Be5 Ra8 33. c6 Rac8 34.
c7 Rd7 35. Rc1 Ke7 36. Kf2 g5 37. Bh3 gxf4 38. gxf4 1-0

[Event "Quebec op"]
[Site "Montreal CAN"]
[Date "2023.08.01"]
[Round "5.10"]
[White "Di Matteo, Alessio"]
[Black "Luksza, Arkadiusz"]
[Result "1-0"]
[WhiteElo "1677"]
[BlackElo "1991"]
[PlyCount "89"]
[EventDate "2023.07.29"]
[EventType "swiss"]
[EventRounds "9"]
[EventCountry "CAN"]

1. d4 Nf6 2. c4 e6 3. Nc3 c5 4. d5 exd5 5. cxd5 d6 6. e4 g6 7. f4 Bg7 8. Bb5+
Nfd7 9. a4 O-O 10. Nf3 Na6 11. O-O Nb4 12. Re1 Nf6 13. h3 a6 14. Bf1 Rb8 15.
Bd2 Re8 16. Kh2 b6 17. Qb3 Bb7 18. Rad1 Qc7 19. Bc1 Rbd8 20. Bc4 Re7 21. e5 Ne8
22. e6 fxe6 23. Rxe6 Bc8 24. Rxe7 Qxe7 25. Re1 Qf6 26. Ne4 Qf5 27. g4 Qf8 28.
Neg5 h6 29. Ne6 Bxe6 30. Rxe6 Qf7 31. Qe3 Nf6 32. Re7 Qf8 33. Qe6+ Kh8 34. Rf7
Qg8 35. Rxf6 Bxf6 36. Qxf6+ Kh7 37. Qe7+ Kh8 38. Bd2 Qf8 39. Bc3+ Kg8 40. Qe6+
Kh7 41. f5 gxf5 42. gxf5 Qe8 43. f6 b5 44. axb5 axb5 45. Bxb5 1-0

[Event "Quebec op"]
[Site "Montreal CAN"]
[Date "2023.08.01"]
[Round "5.11"]
[White "Avarian, Aram Sevag"]
[Black "Pomerantz, Daniel"]
[Result "1/2-1/2"]
[WhiteElo "1842"]
[BlackElo "1979"]
[PlyCount "122"]
[EventDate "2023.07.29"]
[EventType "swiss"]
[EventRounds "9"]
[EventCountry "CAN"]

1. e4 c6 2. d4 d5 3. exd5 cxd5 4. Bd3 Nc6 5. c3 Nf6 6. Bf4 Bg4 7. Qb3 Qd7 8.
Nd2 e6 9. Ngf3 Bd6 10. Bxd6 Qxd6 11. O-O O-O 12. Rae1 Bxf3 13. Nxf3 Qc7 14. Qc2
Rfc8 15. Qd2 Rab8 16. Ne5 Nxe5 17. dxe5 Nd7 18. Qg5 Nf8 19. Re3 b5 20. Rh3 g6
21. Rh4 a5 22. a3 Rb6 23. Rd4 Rcb8 24. Qe3 Nd7 25. Re1 Qc5 26. Qf4 Qe7 27. h4
Rc6 28. Re3 b4 29. cxb4 axb4 30. Rxb4 Rxb4 31. axb4 Rb6 32. b5 Rb8 33. h5 Nc5
34. Bf1 Ne4 35. Rf3 g5 36. Qc1 h6 37. Ra3 Qc5 38. Qxc5 Nxc5 39. Rc3 Nd7 40. Re3
Kf8 41. g3 Ke7 42. f4 gxf4 43. gxf4 Nb6 44. Kf2 Nc4 45. Bxc4 dxc4 46. b3 Rxb5
47. bxc4 Rb2+ 48. Re2 Rb3 49. Re3 Rb2+ 50. Kg3 Rc2 51. Ra3 Rxc4 52. Ra8 Rc3+
53. Kg4 Rc1 54. Rh8 Rg1+ 55. Kf3 Rf1+ 56. Kg3 Rg1+ 57. Kf2 Rh1 58. Rxh6 Kf8 59.
Kg2 Rh4 60. Kg3 Rh1 61. Kg2 Rh4 1/2-1/2

[Event "Quebec op"]
[Site "Montreal CAN"]
[Date "2023.08.01"]
[Round "5.12"]
[White "Malakhovets, Sergey"]
[Black "Mok, Yuen Tak"]
[Result "1-0"]
[WhiteElo "1966"]
[BlackElo "1841"]
[PlyCount "47"]
[EventDate "2023.07.29"]
[EventType "swiss"]
[EventRounds "9"]
[EventCountry "CAN"]

1. d4 d5 2. Bf4 c5 3. e3 Nc6 4. Nf3 Nf6 5. Nbd2 Qb6 6. dxc5 Qxb2 7. Rb1 Qc3 8.
Bb5 g6 9. e4 dxe4 10. Be5 Qa5 11. O-O exf3 12. Nc4 Qd8 13. Bxc6+ bxc6 14. Qxf3
Qd5 15. Nd6+ exd6 16. Qxf6 Rg8 17. Rfe1 Be6 18. cxd6 Bxd6 19. Rb7 Kf8 20. Bxd6+
Qxd6 21. Rxf7+ Bxf7 22. Qxd6+ Kg7 23. Qe5+ Kf8 24. Qf6 1-0

[Event "Quebec op"]
[Site "Montreal CAN"]
[Date "2023.08.01"]
[Round "5.13"]
[White "Libersan, Thierry"]
[Black "Deboosere, Adam"]
[Result "1-0"]
[WhiteElo "1920"]
[BlackElo "1745"]
[PlyCount "55"]
[EventDate "2023.07.29"]
[EventType "swiss"]
[EventRounds "9"]
[EventCountry "CAN"]

1. d4 Nf6 2. c4 c5 3. Nf3 cxd4 4. Nxd4 e5 5. Nb5 d5 6. cxd5 Bc5 7. e3 a6 8.
N5c3 O-O 9. Be2 e4 10. O-O Re8 11. a3 Nbd7 12. Nd2 Nf8 13. Qc2 Bf5 14. b4 Ba7
15. Qb3 Ng6 16. Bb2 Nh4 17. Rfd1 Nd7 18. Nf1 Qg5 19. Ng3 Ne5 20. d6 h5 21. Nd5
Kh7 22. Nc7 Nhf3+ 23. gxf3 Nxf3+ 24. Bxf3 exf3 25. Qxf7 Bg4 26. Nxe8 Rxe8 27.
Qxe8 Qh4 28. Qe7 1-0

[Event "Quebec op"]
[Site "Montreal CAN"]
[Date "2023.08.01"]
[Round "5.14"]
[White "Bouchard, Jean-Marc"]
[Black "Chang, Alexander"]
[Result "1/2-1/2"]
[WhiteElo "1850"]
[BlackElo "1704"]
[PlyCount "67"]
[EventDate "2023.07.29"]
[EventType "swiss"]
[EventRounds "9"]
[EventCountry "CAN"]

1. e4 e5 2. Nf3 Nc6 3. Bb5 a6 4. Ba4 Nf6 5. Qe2 b5 6. Bb3 Be7 7. c3 d6 8. h3
O-O 9. O-O Na5 10. Bc2 c5 11. d4 cxd4 12. cxd4 Nc6 13. dxe5 dxe5 14. Rd1 Qc7
15. Nc3 Be6 16. Bg5 Rfd8 17. Bxf6 Bxf6 18. Nd5 Bxd5 19. exd5 Nd4 20. Nxd4 exd4
21. Rac1 Qd7 22. Be4 Rac8 23. Qd3 g6 24. Rc6 Rxc6 25. dxc6 Qd6 26. Rc1 Bg5 27.
Rc2 Re8 28. g3 Bd8 29. a4 Bc7 30. axb5 axb5 31. Bg2 Qb4 32. Bf1 Re5 33. Re2 Rc5
34. Rc2 1/2-1/2

[Event "Quebec op"]
[Site "Montreal CAN"]
[Date "2023.08.01"]
[Round "5.15"]
[White "Gingras, Philippe"]
[Black "Guillemette, Hugo"]
[Result "1/2-1/2"]
[WhiteElo "1961"]
[BlackElo "1955"]
[PlyCount "84"]
[EventDate "2023.07.29"]
[EventType "swiss"]
[EventRounds "9"]
[EventCountry "CAN"]

1. d4 Nf6 2. Bg5 c5 3. d5 Ne4 4. Bf4 e6 5. f3 Bd6 6. Bxd6 Nxd6 7. dxe6 dxe6 8.
e4 O-O 9. Nc3 Nc6 10. Qd2 Qe7 11. Nh3 Rd8 12. Qg5 Qxg5 13. Nxg5 Nd4 14. O-O-O
f6 15. Nh3 Bd7 16. Nf2 Bc6 17. Ng4 h5 18. Ne3 b5 19. Ne2 Nxe2+ 20. Bxe2 Nf7 21.
c3 Ne5 22. h4 a5 23. Rxd8+ Rxd8 24. Rd1 Rxd1+ 25. Kxd1 g6 26. Kd2 Kf8 27. a3
Ke7 28. b4 axb4 29. axb4 c4 30. Nc2 Kd6 31. Ke3 Nd7 32. Nd4 e5 33. Nxc6 Kxc6
34. g4 hxg4 35. fxg4 g5 36. h5 Nf8 37. Bd1 Kd6 38. Be2 Ke7 39. Bf1 Kf7 40. Be2
Ne6 41. Bf3 Nf4 42. Be2 Ke7 1/2-1/2

[Event "Quebec op"]
[Site "Montreal CAN"]
[Date "2023.08.01"]
[Round "5.16"]
[White "Berube, Maximilien"]
[Black "Wang, Rachel"]
[Result "1/2-1/2"]
[WhiteElo "1655"]
[BlackElo "1675"]
[PlyCount "95"]
[EventDate "2023.07.29"]
[EventType "swiss"]
[EventRounds "9"]
[EventCountry "CAN"]

1. d4 d5 2. Nf3 Nf6 3. g3 e6 4. Bg2 Bd6 5. O-O O-O 6. c4 c6 7. Qc2 b6 8. Nbd2
Bb7 9. e4 dxe4 10. Nxe4 Be7 11. b3 Nbd7 12. Bb2 Nxe4 13. Qxe4 Nf6 14. Qe2 Qc7
15. Rfe1 Nd7 16. Rad1 Bf6 17. Nd2 c5 18. Bxb7 Qxb7 19. Ne4 Bxd4 20. Bxd4 cxd4
21. Rxd4 Nc5 22. Red1 Nxe4 23. Qxe4 Qxe4 24. Rxe4 Rfe8 25. Rd7 Kf8 26. Rg4 Red8
27. Rgd4 Ke8 28. Rxd8+ Rxd8 29. Rxd8+ Kxd8 30. Kf1 Kd7 31. Ke2 Kd6 32. Kd3 e5
33. Ke4 Ke6 34. g4 f6 35. f4 exf4 36. Kxf4 g6 37. b4 Kd6 38. Ke4 a6 39. a3 Kc6
40. h3 Kd6 41. h4 Kc6 42. Kd4 a5 43. Ke4 axb4 44. axb4 Kd6 45. Kf4 Ke6 46. Ke4
Kd6 47. Kf4 Ke6 48. Ke4 1/2-1/2

[Event "Quebec op"]
[Site "Montreal CAN"]
[Date "2023.08.01"]
[Round "5.17"]
[White "Robichaud, Louis"]
[Black "Gadbois, Patrick"]
[Result "1-0"]
[WhiteElo "2008"]
[BlackElo "1687"]
[PlyCount "101"]
[EventDate "2023.07.29"]
[EventType "swiss"]
[EventRounds "9"]
[EventCountry "CAN"]

1. e4 e6 2. d3 d5 3. Nd2 Nf6 4. Ngf3 dxe4 5. dxe4 Bc5 6. Be2 e5 7. O-O Nc6 8.
c3 O-O 9. b4 Bd6 10. Qc2 Qe7 11. a3 Nd8 12. Nc4 Bg4 13. Ne3 Bd7 14. Nh4 g6 15.
g3 a6 16. Bc4 Ne6 17. Rd1 Rfd8 18. Bd5 Rab8 19. Neg2 Nxd5 20. exd5 Ng7 21. c4
b6 22. Ne3 f5 23. Bb2 f4 24. Neg2 g5 25. Nf3 Bf5 26. Qc3 Re8 27. Re1 e4 28. Nd4
Be5 29. Nxf5 Nxf5 30. Qxe5 Qxe5 31. Bxe5 Rxe5 32. gxf4 gxf4 33. Nxf4 Nd4 34.
Red1 Nf3+ 35. Kf1 Nxh2+ 36. Ke2 Nf3 37. d6 cxd6 38. Rxd6 Rb7 39. Rad1 h5 40.
Rg6+ Kf7 41. Rh6 Kg7 42. Rxh5 Rxh5 43. Nxh5+ Kg6 44. Ng3 Ng5 45. Ke3 a5 46.
Rd6+ Kg7 47. Nxe4 Nf7 48. Rd5 axb4 49. axb4 Re7 50. f4 Rc7 51. Kd4 1-0